<?xml version="1.0" encoding="UTF-8"?>
<collection xmlns="http://www.loc.gov/MARC21/slim">
 <record>
  <leader>02593nam a2200385 a 4500</leader>
  <controlfield tag="001">TVCDKTCT7732</controlfield>
  <controlfield tag="003">Thư viện trường Cao đẳng Kỹ thuật Cao Thắng</controlfield>
  <controlfield tag="005">20170524093244.0</controlfield>
  <controlfield tag="008">070629</controlfield>
  <datafield tag="980" ind1="\" ind2="\">
   <subfield code="a">Thư viện Trường CĐ Kỹ Thuật Cao Thắng</subfield>
  </datafield>
  <datafield tag="024" ind1=" " ind2=" ">
   <subfield code="a">RG_1 #1 eb0 i1 i5</subfield>
  </datafield>
  <datafield tag="041" ind1="0" ind2="#">
   <subfield code="a">vie</subfield>
  </datafield>
  <datafield tag="082" ind1="#" ind2="#">
   <subfield code="a">005.12 / </subfield>
   <subfield code="b">C101G-n</subfield>
  </datafield>
  <datafield tag="100" ind1="1" ind2="#">
   <subfield code="a">Nguyễn Ngọc Bình Phương</subfield>
  </datafield>
  <datafield tag="245" ind1="0" ind2="0">
   <subfield code="a">Các giải pháp lập trình ASP.NET 2.0 tập 1(Kèm đĩa CD) / </subfield>
   <subfield code="c">Nguyễn Ngọc Bình Phương, ...[et al.]</subfield>
  </datafield>
  <datafield tag="250" ind1="#" ind2="#">
   <subfield code="a">In lần thứ 1</subfield>
  </datafield>
  <datafield tag="260" ind1="#" ind2="#">
   <subfield code="a">H. : </subfield>
   <subfield code="b">Giao thông vận tải , </subfield>
   <subfield code="c">2007</subfield>
  </datafield>
  <datafield tag="300" ind1="#" ind2="#">
   <subfield code="a">272tr. ; </subfield>
   <subfield code="c">27cm</subfield>
  </datafield>
  <datafield tag="520" ind1="#" ind2="#">
   <subfield code="a">ASP.NET 2.0 là một công nghệ nóng, là sự kế tục và cải tiến mạnh so với phiên bản 1.1, nhờ vào một số tính năng hấp dẫn nhắm đến việc trang bị cho nhà phát triển web các công cụ cần cho phần lớn các dự án. Các công cụ nay bao gồm các điều kiểm đăng nhập mới, cho phép nhà phát triển nhanh chóng kéo và thả một bộ các điều kiểm lên bề mặt thiết kế, thiết lập một vài thuộc tính, và có ngay một hệ thống bảo mật. Một tính năng mới khác là những cải tiến cho giao diện người dùng lúc thiết kế nhằm kết các điều kiểm dữ liệu.</subfield>
  </datafield>
  <datafield tag="520" ind1="#" ind2="#">
   <subfield code="a">Chương 1: Online Diary</subfield>
  </datafield>
  <datafield tag="520" ind1="#" ind2="#">
   <subfield code="a">Chương 2: File Share</subfield>
  </datafield>
  <datafield tag="520" ind1="#" ind2="#">
   <subfield code="a">Chương 3: Chat Server</subfield>
  </datafield>
  <datafield tag="520" ind1="#" ind2="#">
   <subfield code="a">Chương 4: Survey Engine</subfield>
  </datafield>
  <datafield tag="520" ind1="#" ind2="#">
   <subfield code="a">Chương 5: Blog</subfield>
  </datafield>
  <datafield tag="520" ind1="#" ind2="#">
   <subfield code="a">Chương 6 : Photo Album</subfield>
  </datafield>
  <datafield tag="520" ind1="#" ind2="#">
   <subfield code="a">Lối tiếp cận hay nhất đối với người dọc là tìm ra một chương mà mình quan tâm và nhảy đến đó. Sách này gồm 12 dự án và bạn có thể sử dụng ngay chỉ với một ít cài đặt. Mỗi dự án đều có các chỉ dẫn cài đặt mã nguồn vào máy cục bộ.</subfield>
  </datafield>
  <datafield tag="520" ind1="#" ind2="#">
   <subfield code="a">Nội Dụng.</subfield>
  </datafield>
  <datafield tag="520" ind1="#" ind2="#">
   <subfield code="a">Tập 1.</subfield>
  </datafield>
  <datafield tag="650" ind1="#" ind2="4">
   <subfield code="a">Lập trình ASP.NET 2.0--Giải pháp</subfield>
  </datafield>
  <datafield tag="700" ind1="0" ind2="#">
   <subfield code="a">Lê Ngọc Sơn</subfield>
  </datafield>
  <datafield tag="700" ind1="0" ind2="#">
   <subfield code="a">Nguyễn Hoàng Thanh Nhàn</subfield>
  </datafield>
  <datafield tag="700" ind1="0" ind2="#">
   <subfield code="a">Thái kim Phụng</subfield>
  </datafield>
  <datafield tag="721" ind1="#" ind2="#">
   <subfield code="a">Công nghệ thông tin</subfield>
  </datafield>
  <datafield tag="841" ind1="#" ind2="#">
   <subfield code="b">Kho Sách </subfield>
   <subfield code="j">100021362, 100021377, 100023900, 100023906</subfield>
  </datafield>
  <datafield tag="841" ind1="#" ind2="#">
   <subfield code="b">Kho Tra Cứu </subfield>
   <subfield code="j">500002924, 500002967</subfield>
  </datafield>
 </record>
</collection>
